Bandiere di Paesi contenenti un'arma - Statistics

Statistiche generali
  • Questo quiz è stato fatto 67 volte
  • Il punteggio medio è 13 su 14
Statistiche sulle risposte
con Immagini Risposta % Corretto
Arabia Saudita - Spada
97%
Ecuador - Ascia
97%
Angola - Machete
95%
Barbados - Tridente
95%
Kenya - Lancia
95%
Malta - Spada
95%
Sri Lanka - Spada
95%
Repubblica Dominicana - Lancia
92%
Guatemala - Fucile-Spada
87%
Haiti - Cannone-Fucile-Lancia
87%
Mozambico - AK-47
83%
Eswatini - Lancia-Bastona da battaglia
81%
Oman - Khanjar-Scimitarra
81%
Belize - Ascia
76%
Nessun quiz corrispondente trovato
Distribuzione punteggi
Percentuale di utenti per punteggio
Percentile per numero di risposta
I tuoi punteggi nel tempo
Non hai fatto questo quiz